| Art - Music/Opera | 7 | 15.71 | 71% | 43% | 43% |
| Art - Other | 4 | 12.50 | 0% | 50% | 75% |
| Art - Painting/Sculpture | 4 | 20.00 | 100% | 75% | 25% |
| Art - Visual | 5 | 12.00 | 0% | 40% | 80% |
| Current Events/Modern World - Rest of world political | 1 | 10.00 | 0% | 100% | 0% |
| Current Events/Modern World - Western social | 1 | 10.00 | 0% | 0% | 100% |
| Geography - Europe | 1 | 20.00 | 0% | 100% | 100% |
| Geography - Oceania/Pacific | 1 | 20.00 | 0% | 100% | 100% |
| History - American | 10 | 18.00 | 70% | 60% | 50% |
| History - European | 9 | 15.56 | 67% | 44% | 44% |
| History - Other | 8 | 18.75 | 63% | 75% | 50% |
| History - World | 9 | 15.56 | 44% | 67% | 44% |
| Literature - American long fiction | 4 | 17.50 | 50% | 50% | 75% |
| Literature - American poetry | 4 | 25.00 | 100% | 75% | 75% |
| Literature - American short fiction | 1 | 10.00 | 100% | 0% | 0% |
| Literature - British drama | 1 | 10.00 | 0% | 100% | 0% |
| Literature - British long fiction | 1 | 10.00 | 100% | 0% | 0% |
| Literature - British poetry | 2 | 15.00 | 100% | 50% | 0% |
| Literature - British short fiction | 2 | 15.00 | 50% | 50% | 50% |
| Literature - European any | 2 | 15.00 | 50% | 100% | 0% |
| Literature - European drama | 2 | 20.00 | 100% | 100% | 0% |
| Literature - European long fiction | 4 | 12.50 | 25% | 25% | 75% |
| Literature - European poetry | 2 | 10.00 | 0% | 100% | 0% |
| Literature - European short fiction | 1 | 10.00 | 100% | 0% | 0% |
| Literature - World/Misc any | 2 | 20.00 | 50% | 50% | 100% |
| Literature - World/Misc drama | 1 | 10.00 | 0% | 0% | 100% |
| Literature - World/Misc long fiction | 3 | 10.00 | 67% | 0% | 33% |
| Literature - World/Misc poetry | 2 | 20.00 | 100% | 100% | 0% |
| Mythology - Americas | 1 | 10.00 | 0% | 100% | 0% |
| Mythology - Egyptian | 1 | 20.00 | 0% | 100% | 100% |
| Mythology - Greco/Roman | 3 | 13.33 | 33% | 33% | 67% |
| Mythology - Mixed/Any | 2 | 15.00 | 50% | 50% | 50% |
| Mythology - Norse | 1 | 30.00 | 100% | 100% | 100% |
| Other Academic/Cross-Category - Any | 1 | 20.00 | 100% | 100% | 0% |
| Philosophy - Enlightenment | 1 | 20.00 | 100% | 100% | 0% |
| Philosophy - Medieval | 1 | 30.00 | 100% | 100% | 100% |
| Philosophy - Mixed/Any | 2 | 20.00 | 50% | 50% | 100% |
| Philosophy - Pre-20th | 3 | 20.00 | 67% | 67% | 67% |
| Religion - Christianity/Judaism | 3 | 20.00 | 33% | 100% | 67% |
| Religion - Hinduism | 3 | 23.33 | 67% | 67% | 100% |
| Religion - Islam | 2 | 15.00 | 50% | 0% | 100% |
| Religion - Mixed/Any | 2 | 5.00 | 0% | 50% | 0% |
| Science - Astronomy | 1 | 20.00 | 100% | 100% | 0% |
| Science - Biology | 5 | 16.00 | 40% | 40% | 80% |
| Science - Chemistry | 8 | 16.25 | 63% | 50% | 50% |
| Science - Compsci | 3 | 16.67 | 67% | 33% | 67% |
| Science - Other | 4 | 15.00 | 75% | 50% | 25% |
| Science - Physics | 3 | 20.00 | 100% | 33% | 67% |
| Social Science - Anthropology | 1 | 30.00 | 100% | 100% | 100% |
| Social Science - Economics | 3 | 10.00 | 0% | 67% | 33% |
| Social Science - Mixed/Any | 1 | 20.00 | 100% | 0% | 100% |
| Social Science - Psychology | 1 | 10.00 | 0% | 0% | 100% |
| Social Science - Sociology | 1 | 30.00 | 100% | 100% | 100% |